00454nam a22001577a 450000500170000001000150001702000260003203500130005803700130007110000330008424500600011726000350017727000450021230000200025750000190027720130712121849.0 aENG-107967 c595.00a9789380755267 aEN-91500 bDBAD/PUB aSen, Rai Saheb Dineshchandra00aThe Bengali Ramayanas /cby Rai Saheb Dineshchandra Sen aKolkatabAruna Prakashanc2012 a2, Kalidas Singha Lane,bKolkatae700009 a190p.c18cm(Hb) aIncludes index